| 000 | 01016nam a22003257a 4500 | ||
|---|---|---|---|
| 001 | 0005385 | ||
| 003 | KOHA_MİRAKIL | ||
| 005 | 20260207001443.0 | ||
| 007 | ta | ||
| 008 | 090603b2000 tu |||gr||||#||||0|tur | | ||
| 020 | _a9753166915 | ||
| 040 |
_aTR-BiSEU _btur _cTR-BiSEU _erda |
||
| 041 | 0 | _atur | |
| 044 | _ctu | ||
| 050 |
_aJX1391 _b.K49 2000 |
||
| 100 | 1 | _aKeyman, E. Fuat. | |
| 245 | 1 |
_aKüreselleşme, devlet, kimlik/farklılık : _buluslararası ilişkiler kuramını yeniden düşünmek/ _cE. Fuat Keyman ; E. F. Keyman; çeviren S. Coşar. |
|
| 264 | 1 |
_aİstanbul : _bAlfa Yayınları _c2000 |
|
| 300 | _aviii, 292 sayfa | ||
| 336 |
_ametin _btxt _2rdacontent |
||
| 337 |
_aaracısız _bn _2rdamedia |
||
| 338 |
_acilt _bnc _2rdacarrier |
||
| 490 | 1 | _aAlfa yayınları;838. | |
| 490 | 1 | _adizi no; | |
| 650 | 0 |
_aInternational relations--Philosophy. _911204 |
|
| 650 | 0 |
_aCritical theory. _913010 |
|
| 830 | 1 |
_aAlfa yayınları;838. _913011 |
|
| 830 | 1 |
_adizi no; _913012 |
|
| 942 |
_2lcc _cBK |
||
| 999 |
_c5367 _d5367 |
||